Mots : darija - Statistiques

Statistiques générales
  • Ce quiz a été pris 67 fois
  • Le résultat moyen est 5 sur 15
Statistiques - réponses
Hint Réponse % Correct
voiture tomobil
87%
brosse a cheveux mchta
58%
chaise kourssi
53%
fleur warda
44%
main yed
42%
pomme tefah
35%
miroir mraya
33%
livre ktab
31%
chaussure sbat
27%
pantalon serwal
25%
bouteille d'eau 9r3a dyal lma
24%
prof oustad
22%
arbre chejra
16%
lunettes mdader
16%
vacances l3otla
7%
Aucun quiz correspondant
Distribution des résultats
% des personnes avec chaque résultat
Percentile par nombre de réponses
Votre historique - résultats
Vous n’avez pas pris ce quiz